| 000 | 00475nam a2200181Ia 4500 | ||
|---|---|---|---|
| 001 | 16571 | ||
| 005 | 20260306170319.0 | ||
| 008 | 260306t1999||||xx |||||||||||||| ||und|| | ||
| 041 | _aESP | ||
| 082 |
_a348.68 _bD59 |
||
| 100 |
_aPalomino, Teodosio A. (Coord.) _eAUT |
||
| 245 | 0 | _aEl derecho del trabajo en las constituciones de Iberoamérica | |
| 260 | _c1999 | ||
| 300 |
_aliv, 803 páginas : _c22 cm. |
||
| 650 | _aGEN | ||
| 654 | _aCDE | ||
| 942 |
_cLIB _dJUS _fJUS _2ddc _n |
||
| 999 |
_c16571 _d16571 |
||